000 00807nam a2200253 4500
001 23049
003 BD-RjUL
005 20211209000903.0
008 140310s1961 nyuc b 001 1 eng
035 _a(BD-RjUL)23114
040 _aDLC
_cDLC
_dDLC
_dBD-RjUL
_beng
041 _aeng
082 0 0 _a833.912
_bPIR 1961
100 1 _aPike, Burton.
_971084
245 0 0 _aRobert Musil :
_ban introduction to his work /
_cBurton Pike
260 _aPort Washington, N.Y. :
_bKennikat Press,
_cc1961.
300 _axiii, 214 p. :
_bill., port. ;
_c23 cm.
500 _a"Substance of this book ... a doctoral dissertation ... at Harvard."
504 _aBibliography: p. 207-211. and index.
600 1 0 _aMusil, Robert,
_d1880-1942.
_971085
942 _2ddc
_cBK
999 _c23049
_d23049